| 000 | 00341nam a22001217a 4500 | ||
|---|---|---|---|
| 082 | _a220 PRO | ||
| 100 |
_aAMIR,SARAN,ABDUL RAHMAN _972182 |
||
| 245 | _aPR-SOF-1132-DESIGN AND FABRICATION OF VERTICAL SUMP PUMP | ||
| 260 |
_aISLAMABAD _bNUST COLLEGE OF EME _c2011 |
||
| 650 | _a DE-MECH-29 | ||
| 700 |
_aAKHTAR KHURSHID _972183 |
||
| 942 | _cCR | ||
| 999 |
_c578334 _d578334 |
||